US Staaten ohne Milliardäre - Statistiken

Allgemein
  • Dieses Quiz wurde 91 mal gespielt
  • Das Durchschnittsergebnis liegt bei 3 aus 7
Antwortstatistiken
Staat % Korrekt
Alaska
77%
North Dakota
60%
Delaware
44%
Vermont
44%
New Hampshire
36%
West Virginia
28%
New Mexico
25%
Keine übereinstimmenden Quizze gefunden
Verteilung der Resultate
Anzahl Personen mit jedem Resultat
Perzentil nach korrekt beantworteten Fragen
Ihre Resultats-Entwicklung
Sie haben dieses Quiz noch nicht gespielt